00368nam a22001337a 450000500170000000800410001704100130005808200120007110000130008324500350009626000470013130000300017865000260020820240725134450.0240725b |||||||| |||| 00| 0 eng d aEnglish  a349 SOU lEnglish  aThe South African Law Reports  aCape Town: bJuta and Company Ltd, c1944  bxii, 593 pages; c25 cm.  aLegal practice bLaw